Finanční poradcovia u nás

Prehľad o finančnom poradenstve na Slovensku. Legislatívne vymedzenie pojmu finančný poradca zatiaľ neexistuje. Finančných poradcov majú banky, poisťovne a sprostredkovateľské siete. Otázky licencovania finančných poradcov. Rozsah ponuky a zmluvných partnerov spostredkovateľov investičných služieb.

Na minha lista:
Detalhes bibliográficos
Autor principal: Škriniar, Pavel, 1979-
Formato: Capítulo de Livro
Idioma:eslovaco
Assuntos:
Tags: Adicionar Tag
Sem tags, seja o primeiro a adicionar uma tag!

MARC

LEADER 00000naa$a2200000$$$4500
001 0025168
005 20231019082558.2
041 0 |a slo 
044 |a SK 
245 1 0 |a Finanční poradcovia u nás  |c Pavel Škriniar 
520 |a Prehľad o finančnom poradenstve na Slovensku. Legislatívne vymedzenie pojmu finančný poradca zatiaľ neexistuje. Finančných poradcov majú banky, poisťovne a sprostredkovateľské siete. Otázky licencovania finančných poradcov. Rozsah ponuky a zmluvných partnerov spostredkovateľov investičných služieb. 
610 2 0 |a poradcovia finanční 
610 2 0 |a poradenstvo finančné 
610 2 0 |a služby finančné 
610 2 0 |a sprostredkovatelia 
610 2 0 |a služby poradenské 
610 2 0 |a Slovensko 
100 1 |a Škriniar, Pavel, 1979-